[Event "GER-ch 70th"]
[Site "Bremen"]
[Date "1998.11.08"]
[Round "3"]
[White "Enders, Peter"]
[Black "Lobron, Eric"]
[Result "1-0"]
[WhiteElo "2485"]
[BlackElo "2540"]
[Annotator "Rogozenco,D"]
[PlyCount "61"]
[EventDate "1998.11.06"]
[EventType "swiss"]
[EventRounds "9"]
[EventCountry "GER"]
[SourceTitle "CBM 068"]
[Source "ChessBase"]
[SourceDate "1999.02.01"]
[SourceVersion "1"]
[SourceVersionDate "1999.02.01"]
[SourceQuality "1"]

{[%mdl 1]} 1. e4 {Ftacnik} c5 2. Nf3 e6 3. d4 cxd4 4. Nxd4 Nf6 5. Nc3 Nc6 6.
Ndb5 d6 7. Bf4 e5 8. Bg5 a6 9. Na3 b5 10. Bxf6 {This is of course more
principial than 10.Nd5. In my opinion White should look for opening advantage
only in connection with the game move.} gxf6 11. Nd5 Bg7 (11... f5 12. Bd3 Be6
{is another complicate line.}) 12. Bd3 Ne7 13. Nxe7 Qxe7 14. c3 f5 15. Nc2 Bb7
(15... Qb7 16. f3 (16. Qf3) 16... f4 17. O-O O-O 18. Kh1 Kh8 19. Nb4 Be6 20.
Qe2 Rab8 21. Rfd1 a5 22. Nd5 Bxd5 23. exd5 f5 $13 {Enders-Rogozenko, BL 1998})
16. exf5 h5 $6 {In this line (15. ... Bb7) g4 square plays a very important
role. Black usually cannot organize a proper attack with the Queen on g5
because White can always put his Queen on g4 (with the Knight on e3, of course)
. In this game Black tries to solve the problems radically, by playing
immidiately 16. ...h5. As the game shows, it doesn´t reach the aim.} (16... Qg5
17. Ne3 d5 18. O-O h5 19. Qe2 O-O 20. f6 $1 Bxf6 21. f4 exf4 22. Nf5 $40 {
Nisipeanu-Genescu/Rom-chT 1992}) 17. a4 $1 {Of course! Black starts to face
concrete problems.} (17. Ne3 $6 d5 $36) 17... b4 {Trying to keep the qeenside
as close as possible. Black has no return anymore.} (17... bxa4 18. Ne3 $16)
18. Nxb4 Qh4 19. Qe2 $1 {With big advatage for White. He prepares long castle,
where the King will be very safe. There is no safe place on the board for the
Black King.} Bxg2 20. Rg1 Qxh2 21. O-O-O $18 Qf4+ {'?' Ftacnik.} (21... h4 22.
Qg4 Bh6+ 23. Kb1 h3 24. Be4 Qf4 25. Rxg2 hxg2 26. Qxf4 Bxf4 27. Bxa8 $18) (
21... a5 {Ftacnik} 22. Nc2 (22. Na6 $6 Kf8) 22... Kf8 23. Kb1 Bc6 24. Be4 Bxe4
25. Qxe4 Rd8 26. Ne3 $1 Bf6 (26... Qxf2 27. Rgf1 Qg3 28. f6 Bh6 29. Nf5 Qg6 30.
Qxe5 $16) 27. Rg2 Qh4 28. Qxh4 Bxh4 29. Rh1 $14) 22. Qd2 {'!' Ftacnik.} (22.
Kb1 $2 Bf3) 22... Bh6 23. Rxg2 Qf3 {Defending the Rook on a8.} (23... Qh4 24.
Qxh6 Rxh6 25. Rg8+ Kd7 26. Rxa8 $18 {White has material advantage and a
decisive attack.}) 24. Rg5 f6 25. Be2 {'!' Ftacnik.} Qb7 (25... Qe4 26. Bxh5+
Kd7 27. Qxd6+ Kc8 28. Qd7+ Kb8 29. Nc6+ $18) 26. Rg8+ (26. Bxh5+ Kf8 27. Bf3 $1
$18 (27. Qxd6+ Qe7 28. Qxe7+ Kxe7 29. f4 Bxg5 30. fxg5 Rxh5 31. Nd5+ Kf8 32.
Nxf6 $18)) 26... Ke7 (26... Kf7 27. Bc4+ d5 28. Rxh8 Bxd2+ 29. Rxd2 Kg7 30.
Bxd5 $18) 27. Qxh6 Raxg8 (27... Rxh6 28. Rg6 $18) 28. Qd2 Rd8 29. Bxa6 Qg2 30.
Bb5 Kf8 31. Nc6 1-0

[Event "Candidates Tournament Gp1"]
[Site "Dortmund"]
[Date "2002.07.08"]
[Round "3"]
[White "Shirov, Alexei"]
[Black "Topalov, Veselin"]
[Result "1/2-1/2"]
[WhiteElo "2697"]
[BlackElo "2745"]
[Annotator "Rogozenco,D"]
[PlyCount "70"]
[EventDate "2002.07.06"]
[EventType "tourn"]
[EventRounds "6"]
[EventCountry "GER"]
[EventCategory "18"]
[SourceTitle "CBM 090"]
[Source "ChessBase"]
[SourceDate "2002.09.20"]
[SourceVersion "1"]
[SourceVersionDate "2002.09.20"]
[SourceQuality "1"]

{Nowadays nobody can deny the importance of theoretical knowledge. The present
game is a prove that even on the highest level one must keep one's knowledge
and analysis up-to-date.} 1. e4 c5 2. Nf3 e6 3. d4 cxd4 4. Nxd4 Nf6 5. Nc3 Nc6
6. Ndb5 d6 7. Bf4 e5 8. Bg5 a6 9. Na3 b5 10. Bxf6 gxf6 11. Nd5 Bg7 12. Bd3 Ne7
13. Nxe7 Qxe7 14. c4 f5 15. O-O O-O 16. Qf3 bxc4 17. Nxc4 d5 18. exd5 e4 19.
Qe3 Bb7 20. d6 Qf6 21. Bc2 f4 22. Qh3 Rac8 23. b3 Qg5 24. Rad1 f5 25. d7 Rcd8
26. Nd6 Ba8 $1 {For more information about the subtleties of the present line
look in CBM 89, game Morovic Fernandez-Nataf.} 27. f3 {Apparently Alexey
didn't know the above mentioned game (which, by the way, was played two months
before the present one) and as a consequence gets in trouble very quickly.} (
27. b4 {is the right move, although Black seems to have no particular problems
here, according to the following game:} Kh8 (27... Rxd7 {fails into} 28. Bb3+
Kh8 29. Nxe4 $1) 28. Bb3 e3 $1 29. fxe3 fxe3 30. Rxf5 Rxf5 31. Nxf5 e2 32. Re1
Bxg2 33. Qxg2 Qxf5 34. Qxe2 Qxd7 35. Qe4 Qd4+ {with a soon draw,
Kulaots-Yakovich, Bergen 2002.}) 27... Rxd7 28. fxe4 f3 $1 {Nataf's brilliant
idea.} 29. Qg3 {In fact only this move is a novelty and I can hardly believe
it was Shirov's home preparation, because Black is obviously doing fine. One
must pay credit to Alexey Shirov, who in spite of the "hole" in the opening
preparation found the safest way and saved half a point.} (29. Rxf3 Rxd6 $1 30.
Rxd6 Qc1+) (29. Qxf3 Rxd6 30. Rxd6 fxe4 {threatening ...Qc5+}) (29. Nxf5 Rxd1 {
was winning for Black in Morovic Fernandez-Nataf, Havana 2002.}) 29... Qe3+ 30.
Qf2 {Rightly realising the change of the situation, White is looking for
escape in endgame.} (30. Kh1 fxe4 $17) 30... Qxf2+ 31. Kxf2 fxg2 (31... fxe4 $5
) 32. Kxg2 Rfd8 33. Nc4 $1 {Takes important square d2 under control and allows
White to avoid the trade of his rook.} (33. Nxf5 Bxe4+ ({After} 33... Rxd1 {
White has the intermezzo} 34. Ne7+ $1) 34. Bxe4 Rxd1 $17) 33... Bxe4+ 34. Bxe4
Rxd1 35. Rxf5 Re1 {A pawn for the exchange and active pieces secure White a
draw. Probably Black could still play on for a while without much risk. All
the more that Veselin might have made only 2-3 moves on the board on his own.
In the end I would like to point out several things, some of them mentioned
above: 1. the modern opening theory can be very deep and one must accept it no
matter if one likes it or not; 2. the memory plays a higher role than, say
10-15 years ago. It is not enough to see variations, one must be able to
remember them and in critical moments to reproduce them; 3. Alexey Shirov
proved again to be an excellent player (did I say something new?). Even with a
careless opening preparation he succeeded to save half a point from an
inferior position against one of the toughest players in the world.} 1/2-1/2

[Event "American Continental 3rd"]
[Site "Buenos Aires"]
[Date "2005.08.07"]
[Round "2"]
[White "Dominguez Perez, Leinier"]
[Black "Cordova, Emilio"]
[Result "1/2-1/2"]
[WhiteElo "2639"]
[BlackElo "2422"]
[Annotator "Rogozenco,D"]
[PlyCount "47"]
[EventDate "2005.08.06"]
[EventType "swiss"]
[EventRounds "11"]
[EventCountry "ARG"]
[SourceTitle "CBM 109"]
[Source "ChessBase"]
[SourceDate "2005.11.14"]
[SourceVersion "1"]
[SourceVersionDate "2005.11.14"]
[SourceQuality "1"]

1. e4 c5 2. Nf3 Nc6 3. d4 cxd4 4. Nxd4 Nf6 5. Nc3 e5 6. Ndb5 d6 7. Bg5 a6 8.
Na3 b5 9. Bxf6 gxf6 10. Nd5 Bg7 11. Bd3 Ne7 12. Nxe7 Qxe7 13. O-O ({In order
to avoid the variation from the game White can delay castle short for a while:
} 13. c3 f5 14. Nc2 O-O (14... f4 15. a4 $14) 15. Qh5 $14 {In this case Black
has two possibilities to use in his favour the delay of White`s castle: by
playing 14...Qg5, or 14...Qb7. In both cases the positions are highly
complicated.}) 13... O-O 14. c3 f5 15. Nc2 f4 {After Kasparov has used 15...f4
in his famous game versus Polgar in 2002, this advance became Black`s most
popular move.} (15... Rb8 {is another main continuation}) 16. a4 bxa4 17. Rxa4
Bb7 $5 {In this position White`s plan is to develop an initiative on the
queenside, first of all by developing the pressure on the a-file, while Black
usually starts a quick kingside attack (...Qg5, ...Kh8, ...Bf6, ...Rg8 etc).
The play is usually very sharp and every single tempo often decides the
outcome.  However, in the present game Black shows a different approach. He
keeps the queen for defensive purposes and rather unexpectedly White fails to
find any sensible way to develop the initiative.} (17... a5 {is another rare,
but possible continuation, which leads to double-edged play}) ({The main move
is} 17... Qg5 {However, after} 18. Qe2 {Black must think about his queenside
as well.} (18. f3 Bf6 $1 $36 {[%cal Gf6d8,Gd8b6]}) 18... a5 19. Ne1 (19. Bb5
Kh8 20. f3 f5 21. Kh1 fxe4 22. fxe4 Bg4 23. Qd2 Qh5 24. Ne1 f3 $1 (24... Rf6 $6
25. Nf3 Rh6 26. b4 $132 {1-0 Mongontuul,B (2375)-Mihevc,N (2114)/Bled 2002 (49)
}) 25. gxf3 (25. g3 $6 Bh6 $17 26. Qxd6 $140 Rad8 $19 {[%cal Gd8d2]}) 25...
Rxf3 26. Nxf3 Bxf3+ 27. Rxf3 (27. Kg1 $2 Bh6 $19 {[%cal Ga8g8]}) 27... Qxf3+
28. Qg2 (28. Kg1 Bh6 $19) 28... Qd1+ 29. Qf1 Qc2 $40) (19. Rfa1 Bd7 $1) 19...
Bb7 20. Nf3 Qd8 21. Bc4 Bc6 22. Ra2 Rb8 23. Rd1 a4 $13 {0-1 Goloshchapov,A 
(2519)-Jakovenko,D (2627)/Saint Vincent 2005 (38)}) 18. Re1 {A novelty. For
White it is important to have e4 well protected, but for that purpose 18.Qe2
looks somewhat more appropriate, since the rook might be needed more on the
a-file.} (18. f3 Kh8 (18... d5 $5) (18... a5 $5) 19. Bc4 Bc6 20. Ra2 a5 21. Bd5
Qb7 22. Bxc6 Qxc6 23. Qd3 f5 24. Kh1 Rfd8 25. Rd1 Rab8 26. exf5 Bf6 27. Qd5 $16
{1-0 Mithrakanth,P (2460)-El Assiouti,S (2285)/Moscow 1994 (39)}) (18. Qe2 f5
$5 (18... a5 19. f3 (19. Rfa1 $5 Qc7 20. Na3 f5 21. Nb5 Qb6 22. Bc4+ Kh8 23.
Bd5 Bxd5 24. exd5 Rfb8 25. c4 e4 26. R1a2 Rg8 27. b4 Bd4 (27... Be5) 28. Qd1
Be5 29. bxa5 Qc5 30. Kh1 Rg6 31. f3 Ra6 32. Qe2 e3 33. Qd3 $16 {1-0 Palac,M 
(2505)-Popovic,I (2195)/Zadar 1994 (44)}) 19... f5 {White protected very well
e4 and I believe instead of ...f5 Black should rather take prophylactic
measures on the queenside, for instance with a move like 19...Rfb8.} 20. c4 $5
{White takes control over square d5 in order to be able to take on e4 with the
bishop} (20. exf5 d5 $44) 20... fxe4 21. Bxe4 d5 22. cxd5 Qc5+ 23. Qf2 Qb5 24.
Raa1 Bxd5 25. Na3 Qb7 26. Nc4 Bxe4 27. Nd6 Qa7 28. Nxe4 Qxf2+ ({Better is
immediately} 28... Rfb8 {although White is still better thanks to the
superiority of his knight over bishop}) 29. Rxf2 Rfb8 30. Rc2 $16 {1-0 Kolev,A
(2582)-Prat Llables,J/Barcelona 2000 (46)}) 19. f3 (19. exf5 $142 $13 Qd7 20.
Rfa1 Rae8 21. Bxa6 Bc6 22. Bc4+ d5 23. Ra7 Qxf5 24. Nb4 dxc4 25. Qxc4+ Kh8 26.
Nxc6 f3 $132 27. g3 Rc8 28. R7a6 e4 29. R1a5 Qd7 (29... Rxc6 $19) 30. Rd5 Qe8
31. Qc5 $2 Qe6 32. Rh5 Rf6 33. Nb4 Rxc5 34. Rxe6 Rxh5 $19 {0-1 Albert,K (2171)
-Muzychuk,A (2363)/Budapest 2005 (38)}) (19. c4 fxe4 20. Bxe4 f3 $5 21. gxf3
Kh8 $44) 19... fxe4 $1 20. fxe4 (20. Bxe4 d5 $36) 20... a5 21. Kh1 Kh8 22. Ne1
Qe8 23. Ra1 Bf6 24. Nf3 Qg6 25. Rad1 Bd8 $15 {1/2-1/2 Frhat,A (2306)-Abou el
Zein,E (2330)/Cairo 2001 (48)}) (18. Qh5 Bc6 19. Ra2 (19. Rxa6 Rxa6 20. Bxa6
Bxe4 $17) 19... a5 $11 20. g3 $6 (20. Rfa1 $142 $13) 20... Kh8 21. Rfa1 (21.
gxf4 f5 $132) 21... Qb7 22. Qf5 Bd7 23. Qh5 f5 $17 {0-1 Casella,M (2320)
-Sevillano,E (2499)/Los Angeles 2003 (27)}) 18... a5 ({After 18.Re1 the advance
} 18... f5 {doesn`t look so attractive, nevertheless it is quite interesting:}
19. exf5 (19. Bc4+ Kh8 20. Bd5 fxe4 21. Raxe4 a5 $13) 19... Qf7 $44 {[%cal
Gd6d5]} (19... d5 $2 20. Rxf4 $16)) 19. Na3 (19. Bc4 {[%cal Gc4d5]} Bc6 20. Ra2
Qb7 21. Qd3 $13) 19... Qc7 20. Bc4 {[%csl Ra4] Ideally for White is to play
Bc4-d5 and then either Nc4, or Nb5 and c4, but he has no time for it.} (20. Nb5
Qb6 $13) 20... Bc6 21. Bb5 ({Deserves attention a positional exchange
sacrifice:} 21. Bd5 Bxa4 22. Qxa4 {although Black can create counterplay
thanks to the advance ...f3:} Rab8 23. Nb5 Qd7 24. c4 f3 $1 $132 (24... Kh8 $6
25. f3 $44)) 21... Bb7 22. Bc4 (22. Qd3 Qb6 {followed by ...f5 or first ...Kh8
and then ...f5 leads to double-edged position, where Black`s chances are not
worse.} (22... f5 23. Bc4+ (23. Qc4+ Qxc4 24. Bxc4+ Kh8 $14) 23... Kh8 24. Bd5
$14)) 22... Bc6 23. Bb5 Bb7 24. Bc4 1/2-1/2

[Event "American Continental 3rd"]
[Site "Buenos Aires"]
[Date "2005.08.08"]
[Round "3"]
[White "Kudrin, Sergey"]
[Black "Tovillas, Daniel R"]
[Result "1-0"]
[WhiteElo "2559"]
[BlackElo "2310"]
[Annotator "Rogozenco,D"]
[PlyCount "65"]
[EventDate "2005.08.06"]
[EventType "swiss"]
[EventRounds "11"]
[EventCountry "ARG"]
[SourceTitle "CBM 109"]
[Source "ChessBase"]
[SourceDate "2005.11.14"]
[SourceVersion "1"]
[SourceVersionDate "2005.11.14"]
[SourceQuality "1"]

1. e4 c5 2. Nf3 Nc6 3. d4 cxd4 4. Nxd4 Nf6 5. Nc3 e5 6. Ndb5 d6 7. Bg5 a6 8.
Na3 b5 9. Bxf6 gxf6 10. Nd5 f5 11. c3 Bg7 12. exf5 Bxf5 13. Nc2 O-O 14. a4 {
An old system, which lost its attractiveness already in 1970-es. Few years ago
Anand tried to implement it, but he abandoned quickly the idea.} Bxc2 {This is
not bad, but Black has at his disposal better moves. At the beginning Black
played 14...bxa4. Then Jussupow found the most precise reply - 14...Ne7, which
enables Black to equalize even more comfortably. Also enough to keep the game
level is 14...Be6, although Black needs very accurate play in that case.} (
14... bxa4 $14 {/=}) (14... Ne7 $1 15. Bd3 ({The very first game with 14...Ne7
went:} 15. Nxe7+ Qxe7 16. Nb4 Be4 17. f3 Bb7 18. axb5 axb5 19. Rxa8 Rxa8 20.
Bxb5 $6 d5 $17 21. Be2 Qc5 22. Qd2 e4 23. fxe4 dxe4 24. Bd1 e3 25. Qd3 Qg5 26.
Nc2 Bxg2 27. Rg1 Qh4+ 28. Ke2 Qf2# {0-1 Van der Wiel,J-Jussupow,A/telex 1978})
15... e4 (15... Be6 16. Be4 Rc8 17. O-O $6 Rc4 $1 $132 18. Nxe7+ Qxe7 19. Bd5
Rxa4 20. Ne3 Rxa1 21. Qxa1 Bc8 22. Qb1 Qg5 23. Qd3 Qg6 24. Rd1 Qxd3 25. Rxd3
Bh6 26. c4 Bxe3 27. fxe3 bxc4 28. Bxc4 Rd8 29. Ra3 d5 {1/2-1/2 Anand,V (2784)
-Khalifman,A (2616)/Belgrade 1999}) 16. Be2 Be6 17. Nxe7+ Qxe7 18. O-O Bb3 19.
axb5 axb5 20. Qd2 Bxc2 21. Qxc2 b4 22. Rxa8 Rxa8 23. Bc4 bxc3 (23... Ra5 $5 24.
cxb4 Rh5 25. Be2 Rh6 26. Qc8+ Bf8 27. Qf5 Kh8 28. Bc4 Rf6 29. Qd5 e3 30. fxe3
Qxe3+ 31. Kh1 Rxf1+ 32. Bxf1 Qf2 33. Qf3 {1/2-1/2 Wittmann,W (2386)-Hoang
Thanh Trang (2470)/Budapest 2005}) 24. bxc3 Rc8 25. Bd5 Rxc3 26. Qxe4 (26. Qa4
e3 27. fxe3 Qxe3+ 28. Kh1 Rc7 29. Qa8+ Bf8 30. Qa2 Bh6 (30... Rc1 $2 31. Bxf7+
Kg7 32. Qb2+ Rc3 33. Bd5 $36) 31. Bxf7+ Kg7 $11) 26... Qxe4 27. Bxe4 $11 {
1/2-1/2 Kudrin,S (2557)-Hamdouchi,H (2544)/Tripoli 2004 (32)}) (14... Rb8 15.
Ncb4 (15. axb5 $14) 15... Nxb4 16. Nxb4 Qb6 17. axb5 axb5 $14 {1/2-1/2
Razmyslov,A (2311)-Parligras,M (2559)/Seville 2005 (55)}) (14... Be6 {This
position usually arises after a slightly different move order: 13...Be6 14.a4
0-0.} 15. axb5 axb5 16. Rxa8 Qxa8 17. Nce3 (17. Nc7 Qa2 18. Bxb5 Qxb2 19. O-O
Bb3 20. Qxd6 Qxc3 21. Nd5 Bxd5 22. Qxd5 Qxc2 23. Bxc6 $11 {1/2-1/2 Ljubojevic,
L (2600)-Illescas Cordoba,M (2620)/Pamplona 1996 (53)}) 17... Nd4 $5 $13 {/=} (
{After} 17... Qb7 {Kasparov introduced} 18. g4 {with an interesting
strategical battle, requiring very accurate play from Black})) 15. Qxc2 b4 $2 {
Now White can conveniently establish control over light squares} (15... Ne7
$142 16. Nxe7+ (16. Qe4 Nxd5 17. Qxd5 e4 18. Be2 b4 $11 {0-1 Matthey,H (2294)
-Richter,M (2396)/Germany 2002 (34)}) 16... Qxe7 17. Qe4 bxa4 (17... f5 $6 18.
Qd5+ Kh8 19. axb5 $16) 18. Rxa4 d5 19. Qxd5 Rfd8 $44 {[%csl Re1]}) ({After} 
15... f5 16. axb5 axb5 17. Rxa8 Qxa8 18. Bxb5 {it is not clear if Black has
sufficient compensation for the pawn} Qa1+ $2 19. Qd1 $18 {[%csl Rc6]}) 16. Bd3
$1 h6 17. O-O bxc3 18. bxc3 $16 {Apparently Black achieved something - he
broke opponent´s pawn formation and created a weakness on c3. But more
important is that he remained with a passive bishop on g7 and cannot advance
his e- and f-pawns. Besides, the move ...h6 is also a serious commitment and
his a-pawn will always need protection.} (18. Nxc3 $2 Nd4 19. Qd1 d5 $17) 18...
Ne7 19. Be4 Nxd5 20. Bxd5 Ra7 {[%csl Gd5,Rg7] The question is only whether
White will succeed to win or not. Practically White has an extra piece in the
play on the queenside, since Black´s bishop is completely out of play on that
part of the board.} 21. Rab1 Kh8 22. Qf5 $1 (22. c4 f5 $14) 22... Qg5 23. Qxg5
$1 hxg5 24. Rb6 Rc8 25. c4 Bf8 26. g4 {White blockades the queenside pawns on
the dark squares, since he has a path for his king to enter to f5 later on.}
Kg7 27. Rfb1 Kf6 (27... Rcc7 28. R1b3 Kg6 29. Rb8 Kg7 30. Kg2 $16 {[%cal Gg2f3,
Gf3e4,Ge4f5] /+-}) 28. R1b3 Rc5 29. Rb8 Kg7 30. R3b7 Rc7 $2 ({More stubborn
was to keep the a-pawn:} 30... Rxb7 31. Rxb7 Kg6 32. Bxf7+ Kf6 33. Bd5 Kg6 $16
{[%cal Gc5a5]}) 31. Rxc7 Rxc7 32. Ra8 $18 Be7 33. Rxa6 1-0